000 00633nam a22002057a 4500
003 NUST
005 20230126125716.0
008 190704b ||||| |||| 00| 0 eng d
038 _aAttaullah.
082 _a510
100 _aAfaq, Hamna
_916676
245 _aFluid Flow and Heat Transfer Through an Annular Sector Duct
_cHamna Afaq.
260 _aIslamabad :
_bSNS - NUST,
_c2013.
300 _avii, 48 p. : ill. ;
_c30cm.
500 _aHard Cover.
650 _aMathematics - M.Phil Thesis.
_916594
700 _aDr. Mazhar Iqbal.
_916677
856 _uhttp://10.250.8.41:8080/xmlui/handle/123456789/4207
942 _2ddc
_cTHE
999 _c525737
_d525737